000 00633cam a2200229 4500
001 J1395
008 090401t1999 xxu||||| |||| 00| 0 eng d
035 _a(Sirsi) u43301
041 _aeng
050 _a711.5520212
110 _aKing Sturge
_93877
245 _aIndustrial floorspace survey. - 1993 - 1999
260 _aLondon
_bKing Sturge & Co.
_c1993-1999
300 _a1 vol. ; 30cm.
350 _a0
520 _aPublished 3 times a year. 1 bound volume incomplete
650 _aFLOORSPACE STATISTICS
650 _aINDUSTRIAL PROPERTY
690 _aPROPERTY-COMMERCIAL PROPERTY
942 _n0
948 _c04/03/1997
999 _c91292
_d91292